| 000 | 00000nam 2200000za 4500 |
| 001 | 9.536373 |
| 003 | CaOODSP |
| 005 | 20210615084329 |
| 007 | ta |
| 008 | 150406s2002||||xxc||||| f|0| 0 fre d |
| 020 | |a0-662-66309-8 |
| 040 | |aCaOODSP|bfre |
| 041 | |aeng |
| 041 | |afre |
| 043 | |an-cn--- |
| 086 | 1 |aH13-6/2002-6 |
| 110 | 1 |aCanada.|bSanté Canada. |bDirection générale de la politique de la santé et des communications. |
| 245 | 13|aLa santé rurale et télésanté / |cpar Raymond W. Pong. |
| 260 | |aOttawa - Ontario : |bSanté Canada. |c2002. |
| 300 | |aTexte français, 33p. ; |c28 cm. |
| 490 | 1 |aSérie de rapports de synthèse |
| 563 | |aCouverture souple |
| 590 | |a02-38|b2002-09-20 |
| 691 | 07|aCommunauté rurale|2gcpds |
| 691 | 07|aRégime de soins de santé|2gcpds |
| 776 | 0#|tRural health/telehealth / |w(CaOODSP)9.572938 |
| 776 | 0#|tLa santé rurale et télésanté / |w(CaOODSP)9.603183 |
| 791 | |tRural health/telehealth / |eeng|w(CaOODSP)9.536372 |
| 830 | #0|aSérie de rapports de synthèse.|w(CaOODSP)9.509389 |